حقیقت نبو ی (Record no. 147036)

MARC details
000 -LEADER
fixed length control field 00861nam a22002177a 4500
005 - DATE AND TIME OF LATEST TRANSACTION
control field 20171129111334.0
010 ## - LCCN (DPL NO)
LC control number UR-9862
020 6# - INTERNATIONAL STANDARD BOOK NUMBER
Terms of availability 70.00
035 ## - SYSTEM CONTROL NUMBER
System control number U-8417
037 ## - SOURCE OF ACQUISITION
Source of stock number/acquisition DBAD/PUB
082 ## - DEWEY DECIMAL CLASSIFICATION NUMBER
Classification number 270
100 ## - MAIN ENTRY--PERSONAL NAME
Personal name محمد فا ر و ق خا ن
245 ## - TITLE STATEMENT
Title حقیقت نبو ی
Statement of responsibility, etc محمد فا ر و ق خا ن
246 ## - VARYING FORM OF TITLE
Remainder of title
Title proper/short title Hqeeeqat-e-Nabvi
250 ## - EDITION STATEMENT
Edition statement by Mohd.Farooq Khan
260 ## - PUBLICATION, DISTRIBUTION, ETC. (IMPRINT)
Place of publication, distribution, etc نئی د لی
Name of publisher, distributor, etc Merkazi Maktaba Islami Publishers
Date of publication, distribution, etc 2012
270 ## - ADDRESS
Address D307,Dawat Nagar,Abul Fazal Enclave,Jamia Nagar ,
City New Delhi
Postal code 110025
Telephone number 01126971652
Fax number -
300 ## - PHYSICAL DESCRIPTION
Extent 136ص
Dimensions 22 Cm.(B.b)
500 ## - GENERAL NOTE
General note دو حصہ
942 ## - ADDED ENTRY ELEMENTS (KOHA)
Source of classification or shelving scheme Dewey Decimal Classification
Item type Urdu Bks
Classification part 270
Call number suffix م ح م
Edition
Holdings
Withdrawn status Lost status Not for loan Collection code Home library Current library Date acquired Source of acquisition Cost, normal purchase price Full call number Barcode Copy number Cost, replacement price Koha item type
    Not For Loan Non-fiction D.B.Act.Division D.B.Act.Division 31/10/2017 DBAD/PUB. 70.00 270 م ح م U-8417 1 70.00 Urdu Bks

© Delhi Public Library
Hit Counter
free hit counter